1583 1889 1799 1515 1462 1461 1407 1565 1984 1332 1652 1848 1491 1056 1115 1739 1581 1420 1981 1652 1543 1168 1632 1887 1060 1237 1703 1413 1708 1302 1534 1521 1667 1494 1877 1091 1258 1368 1994 1506 1474 1767 1829 1370 1649 1359 1713 1298 1821 1027 1937 1115 1378 1085 1740 1425 1334 1390 1372 1699 1433 1204 1937 1525 1293 1455 1671 1425 1055 1420 1100 1008 1037 1597 1160 1431 1352 1739 1136 1047 1817 1660 1073 1537 1595 1924 1802 1130 1332 1249 1022 1085 1314 1665 1087 1881 1215 1392 1624 BCNSPRNW ULIB Ver.6.0+V

เปลี่ยนเป็นภาษาไทย

Change to English
 แสดงรายละเอียดบรรณานุกรม
  กลับหน้าหลัก

Brief Record : Get Marc (ISO 2709) : E-mail record : QR code < ปิดหน้าต่าง
LEADER : 00000nam 2200000uu 4500
001    13399113686
003     ULIB
008    111215s||||||||th 000 0 tha d
020    ^a9786167017037
090    ^aนว.^bพ626ล 2552
100 0  ^aพาสเวิร์ด
245 00 ^aเล่ห์ลวงบ่วงวิวาห์/^cพาสเวิร์ด
250    ^aพิมพ์ครั้งที่ 1
260    ^aกรุงเทพฯ :^bอักษรศาสตร์,^c2552
300    ^a298 หน้า
710 1  ^aอักษรศาสตร์
945    ^p249^l0^i028091
995    ^aทศพร
999 ^a ทศพร
รายการนี้ยังไม่มีแท็ก
คุณยังไม่ได้ล็อกอิน คุณสามารถมีกิจกรรมร่วมกับเว็บไซต์ได้ แต่ต้องล็อกอินก่อน ::
  ล็อกอิน

รายการสื่อสารสนเทศ

ลำดับที่ ประเภท เลขเรียก/บาร์โค้ด สถานที่ สถานะ
1. นวนิยาย
นวนิยาย
นว. พ626ล 2552 ฉ.1 
  Barcode: 028091
ห้องสมุดวิทยาเขตสวรรค์ประชารักษ์
►นวนิยาย
บนชั้น
  ขอยืม

รายการใกล้เคียง
    ผู้แต่ง [พาสเวิร์ด]

BibComment


ยังไม่เคยถูกคอมเมนท์

คอมเมนท์ทรัพยากรรายการนี้
  คอมเมนท์: เล่ห์ลวงบ่วงวิวา..


 Copyright 2026. Bcnsprnw @Library